000 00682nam a22002057a 4500
003 OSt
005 20250707061932.0
008 250707b |||||||| |||| 00| 0 eng d
020 _a9781285854182
040 _aDWCL - Main lib
_cOC
082 _aCirc. 174.2 E23e 2018
100 _aEdge Raymond S.
245 _aEthics of health care :
_ba guide for clinical practice/
_cRaymond S. Edge
260 _aBoston, MA :
_bCengage Learning,
_cc2018.
300 _axvi, 315 pages :
_b illustrations (color) ;
_c24 cm.
504 _aIncludes bibliographical references and index.
650 _a1. Medical ethics.
700 _aJohn Randall Groves
942 _2ddc
_cBK-CIRC
_kCirc.
_n0
999 _c3421
_d3421